ՀՀ Գիտությունների ազգային ակադեմիայի հիմնարար գիտական գրադարան  =   Fundamental Scientific Library of NAS RA

Զեկուցումների թեզիսները Հայկական ՍՍՌ բնական բուժիչ ռեսուրսների ուսումնասիրմանը և օգտագործմանը նվիրված ռեսպուբլիկական կոնֆերենցիայի / (Record no. 220561)

MARC details
000 -LEADER
fixed length control field 01956nam a2200265 u 4500
001 - CONTROL NUMBER
control field 000563845
003 - CONTROL NUMBER IDENTIFIER
control field AM-YeHGA
005 - DATE AND TIME OF LATEST TRANSACTION
control field 20250617140457.0
008 - FIXED-LENGTH DATA ELEMENTS--GENERAL INFORMATION
fixed length control field 080116s1959 ai | |||||||||||||arm|d
040 ## - CATALOGING SOURCE
Original cataloging agency AM-YeHGA
041 0# - LANGUAGE CODE
Language code of text/sound track or separate title arm
090 ## - LOCALLY ASSIGNED LC-TYPE CALL NUMBER (OCLC); LOCAL CALL NUMBER (RLIN)
-- 222092
110 2# - MAIN ENTRY--CORPORATE NAME
Corporate name or jurisdiction name as entry element Հայկական ՍՍՌ ԳԱ Երկրաբանական ինստիտուտ
245 10 - TITLE STATEMENT
Title Զեկուցումների թեզիսները Հայկական ՍՍՌ բնական բուժիչ ռեսուրսների ուսումնասիրմանը և օգտագործմանը նվիրված ռեսպուբլիկական կոնֆերենցիայի /
Statement of responsibility, etc. ՀՍՍՌ Կուրորտն., սանատորիաների և հանգստի տների գլխ. վարչ. և ՀՍՍՌ առողջապահութ. մին. կուրորտոլոգ. և ֆիզ. մեթոդն. բուժ. ին-տ.
246 11 - VARYING FORM OF TITLE
Title proper/short title Тезисы докладов республиканской конференции по изучению и использованию природных лечебных ресурсов Армянской ССР
260 ## - PUBLICATION, DISTRIBUTION, ETC.
Place of publication, distribution, etc. Երևան :
Name of publisher, distributor, etc. Հայկական ՍՍՌ ԳԱ հրատ.,
Date of publication, distribution, etc. 1959.
300 ## - PHYSICAL DESCRIPTION
Extent 130, 9 էջ ;
Dimensions 22 սմ.
500 ## - GENERAL NOTE
General note Գրքի վերջում՝ Приложение к тезисам докладов на республиканской конференции по изучению и использованию природных лечебных ресурсов Армянской ССР.- 9 էջ
500 ## - GENERAL NOTE
General note Ձեռագրի իրավունքով
650 14 - SUBJECT ADDED ENTRY--TOPICAL TERM
Topical term or geographic name entry element Ֆիզիոթերապիա
650 14 - SUBJECT ADDED ENTRY--TOPICAL TERM
Topical term or geographic name entry element Կուրորտոլոգիա
710 2# - ADDED ENTRY--CORPORATE NAME
Corporate name or jurisdiction name as entry element Կուրորտների, սանատորիաների և հանգստի տների գլխավոր վարչություն ՀՍՍՌ
710 2# - ADDED ENTRY--CORPORATE NAME
Corporate name or jurisdiction name as entry element Առողջապահության մինիստրություն ՀՍՍՌ
710 2# - ADDED ENTRY--CORPORATE NAME
Corporate name or jurisdiction name as entry element Կուրորտոլոգիայի և ֆիզիկական մեթոդներով բուժման ինստիտուտ
Holdings
Withdrawn status Lost status Damaged status Not for loan Collection Home library Current library Date acquired Cost, normal purchase price Total checkouts Full call number Barcode Date last seen Price effective from Koha item type Public note
        General Fundamental Scientific Library Fundamental Scientific Library 28/12/2016 3.00   AII/2044 FL0028786 28/12/2016 28/12/2016 Գրքեր / Books 30 Days Loan
        General Fundamental Scientific Library Fundamental Scientific Library 28/12/2016 3.00   AII/2045 FL0028787 28/12/2016 28/12/2016 Գրքեր / Books 30 Days Loan
        General Fundamental Scientific Library Fundamental Scientific Library 28/12/2016 3.00   AII/2046 FL0028410 28/12/2016 28/12/2016 Գրքեր / Books 30 Days Loan
        General Fundamental Scientific Library Fundamental Scientific Library 28/12/2016 3.00   AII/2047 FL0028411 28/12/2016 28/12/2016 Գրքեր / Books 30 Days Loan
        General Fundamental Scientific Library Fundamental Scientific Library 28/12/2016 3.00   AII/2048 FL0028412 28/12/2016 28/12/2016 Գրքեր / Books 30 Days Loan


ՀՀ ԳԱԱ հիմնարար գիտական գրադարան
ՀՀ,Երևան 0019
Մարշալ Բաղրամյան 24/6
հեռախոս:(374-10) 52-47-50
Հետադարձ կապ

All site content, except where otherwise noted, is licensed under a
Creative Commons License